|
|
|
|
| LEADER |
01066nam a2200265 a 4500 |
| 001 |
3487893 |
| 008 |
091210r19971995enk b 001 0 eng d |
| 010 |
|
|
|a 94030136
|
| 020 |
|
|
|a 0415086647
|
| 040 |
|
|
|a DLC
|c DLC
|d DLC
|d BD-DhAAL
|
| 082 |
0 |
0 |
|a 306/.01/8
|2 20
|
| 100 |
1 |
|
|a Hammersley, Martyn.
|
| 245 |
1 |
0 |
|a Ethnography :
|b principles in practice /
|c Martyn Hammersley and Paul Atkinson.
|
| 250 |
|
|
|a 2nd ed.
|
| 260 |
|
|
|a London ;
|a New York :
|b Routledge,
|c 1995.[reprinted 1997]
|
| 300 |
|
|
|a 323 p. ;
|c 22 cm.
|
| 504 |
|
|
|a Includes bibliographical references (p. [288]-312) and indexes.
|
| 541 |
1 |
|
|e 00006557
|
| 650 |
|
0 |
|a Ethnology
|x Methodology.
|
| 650 |
|
0 |
|a Ethnology
|x Fieldwork.
|
| 650 |
|
0 |
|a Social sciences
|x Fieldwork.
|
| 700 |
1 |
|
|a Atkinson, Paul,
|d 1947-
|
| 852 |
4 |
|
|a Ayesha Abed Library
|j General Shelf.
|
| 999 |
|
|
|c 6164
|d 6164
|
| 952 |
|
|
|0 0
|1 0
|2 ddc
|4 0
|6 306_018000000000000_HAM_1997
|7 0
|9 6167
|a BRACUL
|b BRACUL
|c GEN
|d 2009-12-17
|g 0.00
|l 3
|m 1
|o 306.018 HAM
|p 3010006557
|q 2026-05-18
|r 2026-01-18
|s 2026-01-18
|t 1
|w 2009-12-17
|y BK
|x No price found in the accession register.
|